000 00677nam a2200169Ia 4500
008 090123s9999 xx 000 0 und d
082 _b33663
100 _aजायस्वाल जयनारायण
245 _aचुंबकिय चिकित्सा का व कशी
250 _a4
260 _bगोपाल ग्रंथ गृह
600 _aजायस्वाल जयनारायण
630 _aचुंबकिय चिकित्सा का व कशी
700 _aजायस्वाल जयनारायण
730 _aचुंबकिय चिकित्सा का व कशी
942 _cBOOK
999 _c71722
_d71722